| 000 | 00495cam a2200205ua 4500 | ||
|---|---|---|---|
| 001 | 5121 | ||
| 008 | 150212n ii |||gr||||Z||||||eng | ||
| 020 | _a81-7581-179-X | ||
| 040 | _cMAIN | ||
| 041 | _aeng | ||
| 082 | _a824 | ||
| 100 |
_aHazlitt, William, _eAuthor, |
||
| 245 |
_aSelected essays _cby William Hazlitt |
||
| 250 | _a5th. | ||
| 260 |
_aNew Delhi: _bRama brothers, _c2001. |
||
| 300 |
_a338p: _c23cm. |
||
| 653 | _aEnglish essays | ||
| 700 |
_aLall, Ramji, _eEditor, |
||
| 942 | _cBK | ||
| 999 |
_c4303 _d4303 |
||